ბათუმის შოთა რუსთაველის სახელმწიფო უნივერსიტეტის ბიბლიოთეკა

A second course in probability / (ბიბ.ჩანაწერი № 50569)

000 -LEADER
fixed length control field 01117cam a2200313 a 4500
001 - CONTROL NUMBER
control field 14879626
005 - DATE AND TIME OF LATEST TRANSACTION
control field 20200227155614.0
008 - FIXED-LENGTH DATA ELEMENTS--GENERAL INFORMATION
fixed length control field 070605s2007 maua 001 0 eng c
010 ## - LIBRARY OF CONGRESS CONTROL NUMBER
LC control number 2007930255
020 ## - INTERNATIONAL STANDARD BOOK NUMBER
International Standard Book Number 9780979570407
020 ## - INTERNATIONAL STANDARD BOOK NUMBER
International Standard Book Number 0979570409
035 ## - SYSTEM CONTROL NUMBER
System control number (OCoLC)ocn141242941
040 ## - CATALOGING SOURCE
Original cataloging agency INU
Transcribing agency INU
Modifying agency YDXCP
-- WAU
-- DLC
041 ## - LANGUAGE CODE
Language code of text/sound track or separate title geo
050 00 - LIBRARY OF CONGRESS CALL NUMBER
Classification number QA273
Item number .R845 2007
080 ## - UNIVERSAL DECIMAL CLASSIFICATION NUMBER
Universal Decimal Classification number 519.2 R-79
100 1# - MAIN ENTRY--PERSONAL NAME
Personal name Ross, Sheldon M.
9 (RLIN) 7102
245 12 - TITLE STATEMENT
Title A second course in probability /
Statement of responsibility, etc. Sheldon M. Ross and Erol A. Peköz.
264 ## - PRODUCTION, PUBLICATION, DISTRIBUTION, MANUFACTURE, AND COPYRIGHT NOTICE
Place of production, publication, distribution, manufacture Boston :
Name of producer, publisher, distributor, manufacturer www.ProbabilityBookstore.com,
Date of production, publication, distribution, manufacture, or copyright notice 2007.
300 ## - PHYSICAL DESCRIPTION
Extent 210 p. :
Other physical details ill. ;
Dimensions 25 cm.
500 ## - GENERAL NOTE
General note Includes index.
650 #0 - SUBJECT ADDED ENTRY--TOPICAL TERM
Topical term or geographic name entry element Probabilities
Form subdivision Textbooks.
9 (RLIN) 7103
653 ## - INDEX TERM--UNCONTROLLED
keyword ალბათობის კურსი
700 1# - ADDED ENTRY--PERSONAL NAME
Personal name Peköz, Erol A.
9 (RLIN) 7574
856 41 - ELECTRONIC LOCATION AND ACCESS
Materials specified Table of contents
Uniform Resource Identifier http://www.loc.gov/catdir/toc/fy0801/2007930255.html
906 ## - LOCAL DATA ELEMENT F, LDF (RLIN)
a 7
b cbc
c pccadap
d 3
e ncip
f 20
g y-gencatlg
942 ## - ADDED ENTRY ELEMENTS (KOHA)
Source of classification or shelving scheme
Koha item type წიგნი
ეგზემპლარები
Withdrawn status Lost status Source of classification or shelving scheme Damaged status Not for loan Permanent Location Current Location Shelving location Date acquired Cost, normal purchase price Full call number Barcode Date last seen Copy number Price effective from Koha item type Public note
          ბათუმის შოთა რუსთაველის სახელმწიფო უნივერსიტეტის მთავარი ბიბლიოთეკა ბათუმის შოთა რუსთაველის სახელმწიფო უნივერსიტეტის მთავარი ბიბლიოთეკა წიგნსაცავი 2018-12-17 200.00 519.2 R-79 723 2018-12-17 723 2018-12-17 წიგნი 200 ლ.
          ბათუმის შოთა რუსთაველის სახელმწიფო უნივერსიტეტის მთავარი ბიბლიოთეკა ბათუმის შოთა რუსთაველის სახელმწიფო უნივერსიტეტის მთავარი ბიბლიოთეკა წიგნსაცავი 2018-12-17 200.00 519.2 R-79 724 2018-12-17 724 2018-12-17 წიგნი 200 ლ.